Norse Mythology by Picture - Statistics

General Stats
  • This quiz has been taken 290 times
  • The average score is 17 of 44
Answer Stats
Picture Hint Answer % Correct
God Odin
99%
God Thor
97%
Weapon Mjölnir
86%
Goddess Freyja
83%
God Loki
79%
World Asgard
67%
Tree Yggdrasil
66%
God Heimdall
65%
Bridge Bifröst
64%
Wolf Fenrir
61%
God Freyr
61%
Hall Valhalla
60%
Creature Jörmungandr
55%
God Baldr
53%
Horse Sleipnir
48%
Weapon Gungnir
44%
Dwarven Brothers (name either) Brokkr and Eitri
39%
Squirrel Ratatoskr
39%
Goddess Frigg
38%
Group of Deities Norns
37%
God Týr
37%
Goddess Iðunn
34%
Goddess Skaði
32%
Goddess Sif
30%
Jötunn Ymir
30%
Wolves (name either) Hati Hróðvitnisson and Sköll
27%
Dragon Fafnir
24%
Type of Creature Troll
24%
God Bragi
21%
Goddess Sigyn
21%
Creature Níðhöggr
20%
Jötunn Surtr
19%
Valkyrie Sigrún
18%
Figure Hel
17%
God Höðr
16%
Figure Mímir
16%
Personifications (name either) Sól and Máni
16%
Hero Sigurd
12%
Goddess Rán
11%
Jötunn Ægir
9%
Cow Auðumbla
9%
Personification Dagr
7%
Personification Nótt
7%
God Váli
7%
No matching quizzes found
Score Distribution
Percent of People with Each Score
Percentile by Number Answered
Your Score History
You have not taken this quiz